Unpopular Knowledge Quiz Stats

 Plays Quiz Updated Jan 9, 2019

Challenge
Share
Tweet
Embed
Score 0/15 Timer 05:00
0 Plays Today
Category Best Known to Least Known % Correct
Chess Pieces???
75.5%
Colors of the Rainbow???
74.8%
Branches of US Military???
64.7%
Great Lakes???
59.6%
Boroughs of New York???
54.1%
Seven Dwarfs???
42.7%
Pentateuch, 1st 5 Bible Books???
36.2%
Brady Bunch Children???
33.6%
Category Best Known to Least Known % Correct
New England States???
32.7%
Santa's Reindeer???
28.9%
Founding Jackson 5 Members???
18%
Wives of Henry VIII???
17.1%
Deadly Sins???
15.9%
Marx Brothers???
15.8%
Village People Costumes???
12.5%

You're not logged in!

Compare scores with friends on all Sporcle quizzes.
OR
Log In

You Might Also Like...

Show Comments

Extras

Top Quizzes Today


Score Distribution

Your Account Isn't Verified!

In order to create a playlist on Sporcle, you need to verify the email address you used during registration. Go to your Sporcle Settings to finish the process.

Report this User

Report this user for behavior that violates our Community Guidelines.

Details: